000 00647nam a2200241Ia 4500
003 OSt
005 20221007110212.0
006 a|||||r|||| 00| 0
007 ta
008 221006b |||||||| |||| 00| 0 eng d
024 _a20,595
037 _cTextual
040 _aLCO
_cLCO
_beng
041 _2eng
_aeng
082 _aZ1,6 Oa4, L8
100 _aMorse C.G.J
_9707209
245 0 _aTorts in Private International Law
260 _aNew
_bYork North Hollan Publishing co. USA
_c1978
300 _a411
650 _aPRIVATE INTERNATIONAL LAW
942 _hZ1,6 Oa4, L8
_cTEXL
999 _c1190158
_d1190158